<?xml version="1.0" encoding="UTF-8"?><?xml-stylesheet type="text/xsl" href="static/style.xsl"?><OAI-PMH xmlns="http://www.openarchives.org/OAI/2.0/" xmlns:xsi="http://www.w3.org/2001/XMLSchema-instance" xsi:schemaLocation="http://www.openarchives.org/OAI/2.0/ http://www.openarchives.org/OAI/2.0/OAI-PMH.xsd"><responseDate>2026-06-01T20:47:52Z</responseDate><request verb="GetRecord" identifier="oai:riuma.uma.es:10630/32408" metadataPrefix="marc">https://riuma.uma.es/rest/oai/request</request><GetRecord><record><header><identifier>oai:riuma.uma.es:10630/32408</identifier><datestamp>2026-02-03T11:29:44Z</datestamp><setSpec>com_10630_2254</setSpec><setSpec>col_10630_37953</setSpec></header><metadata><record xmlns="http://www.loc.gov/MARC21/slim" xmlns:dcterms="http://purl.org/dc/terms/" xmlns:doc="http://www.lyncode.com/xoai" xmlns:xsi="http://www.w3.org/2001/XMLSchema-instance" xsi:schemaLocation="http://www.loc.gov/MARC21/slim http://www.loc.gov/standards/marcxml/schema/MARC21slim.xsd">
   <leader>00925njm 22002777a 4500</leader>
   <datafield ind2=" " ind1=" " tag="042">
      <subfield code="a">dc</subfield>
   </datafield>
   <datafield ind2=" " ind1=" " tag="720">
      <subfield code="a">Rabadán-Rubio, José Antonio</subfield>
      <subfield code="e">author</subfield>
   </datafield>
   <datafield ind2=" " ind1=" " tag="720">
      <subfield code="a">Giménez-Gualdo, Ana María</subfield>
      <subfield code="e">author</subfield>
   </datafield>
   <datafield ind2=" " ind1=" " tag="720">
      <subfield code="a">Hernández-Pérez, Encarnación</subfield>
      <subfield code="e">author</subfield>
   </datafield>
   <datafield ind2=" " ind1=" " tag="260">
      <subfield code="c">2011</subfield>
   </datafield>
   <datafield ind2=" " ind1=" " tag="520">
      <subfield code="a">Las aulas de hoy en día han experimentado un significativo incremento de la presencia de trastornos de conducta. Los niños y adolescentes que sufren estas patologías, se ven, a su vez, avocados   a padecer los desórdenes derivados de esta situación, extrapolados a los diferentes ámbitos en  los que se desenvuelven.&#xd;
Si bien esta situación se ha visto incrementada en los últimos años, un buen diagnóstico e intervención  temprana, evitará futuros trastornos de personalidad en la edad adulta. De hecho, los tratamientos seguidos, no han venido surtiendo el efecto deseado, como consecuencia de un diagnóstico tardío que, únicamente deja cabida a la prevención terciaria.&#xd;
Los trastornos más emergentes en el último decenio, durante la infancia y la adolescencia, son el trastorno negativista desafiante y el disocial.&#xd;
Nos hallamos ante un tema de gran relevancia para maestros, pedagogos, psicopedagogos, pediatras y profesionales de la salud mental, dada la creciente prevalencia de estos trastornos, su complejidad y las reminiscencias negativas en la esfera personal, familiar, académica y social. Los variados perfiles profesionales que intervienen en el diagnóstico y tratamiento de los trastornos, hacen imprescindible una correcta coordinación interdisciplinar que posibilite una integración lo más normalizada posible de los sujetos afectados.</subfield>
   </datafield>
   <datafield ind1="8" ind2=" " tag="024">
      <subfield code="a">Rabadán, J. A., Giménez-Gualdo, A. M., y Hernández, E. (2011). Detección, en la práctica pedagógica, de los trastornos de conducta. International Journal of Developmental and Educational Psychology, 1(3), 255-264</subfield>
   </datafield>
   <datafield ind1="8" ind2=" " tag="024">
      <subfield code="a">0214-9877</subfield>
   </datafield>
   <datafield ind1="8" ind2=" " tag="024">
      <subfield code="a">https://hdl.handle.net/10630/32408</subfield>
   </datafield>
   <datafield tag="653" ind2=" " ind1=" ">
      <subfield code="a">Adolescentes - Trastornos de la conducta</subfield>
   </datafield>
   <datafield tag="653" ind2=" " ind1=" ">
      <subfield code="a">Niños - Trastornos de la conducta</subfield>
   </datafield>
   <datafield ind2="0" ind1="0" tag="245">
      <subfield code="a">Detección, en la práctica pedagógica, de los trastornos de la conducta.</subfield>
   </datafield>
</record>
</metadata></record></GetRecord></OAI-PMH>